00237nam a2200097 a 4500001000500000005001700005008004100022050002200063100002000085245003400105414020140414131853.0090218s19uu xx 00 eng d aM 793.2bC77 1987 aCooke, Courtney aThe best wedding shower book.